| 000 | 00404nam a2200157Ia 4500 | ||
|---|---|---|---|
| 008 | 210716s1986 xx 000 0 und d | ||
| 020 | _a025603379X | ||
| 041 | _aeng | ||
| 082 | _a658.56 STEW | ||
| 100 | _aStevenson, William J. | ||
| 245 | _aProduction operations management. | ||
| 250 | _a3 | ||
| 260 |
_aUSA _bIrwin _c1986 |
||
| 300 | _axiv,929/1990 | ||
| 650 | _aProduction & Operations Management | ||
| 999 |
_c202904 _d202904 |
||